000 00212 a2200097 4500
020 _a9789706556943
041 _aeng
100 _aWayne Olsen
245 _aGuia de la Clinica Mayo sobre La Audedicion
942 _cBK
999 _c14440
_d14440